Normal view
MARC view
Entry Personal Name
001 - CONTROL NUMBER
- control field: 12598
003 - CONTROL NUMBER IDENTIFIER
- control field: OSt
005 - DATE AND TIME OF LATEST TRANSACTION
- control field: 20180418185130.0
008 - FIXED-LENGTH DATA ELEMENTS
- fixed length control field: 180418|| aca||aabn | a|a d
040 ## - CATALOGING SOURCE
- Original cataloging agency: OSt
- Transcribing agency: OSt
100 ## - HEADING--PERSONAL NAME
- Personal name: Bowden, Vicky R.; Greenberg, Cindy Smith
670 ## - SOURCE DATA FOUND
- Source citation: Work cat.: (OSt): Bowden, Vicky R.; Greenberg, Cindy Smith, Pediatric Nursing Procedures
